ბათუმის შოთა რუსთაველის სახელმწიფო უნივერსიტეტის ბიბლიოთეკა

Roman Art and Civilization--a Common Language in Antiquity: (ბიბ.ჩანაწერი № 60511)

000 -LEADER
fixed length control field 00602nam a22001697a 4500
005 - DATE AND TIME OF LATEST TRANSACTION
control field 20230810113552.0
008 - FIXED-LENGTH DATA ELEMENTS--GENERAL INFORMATION
fixed length control field 230810s2014 enk||||| |||| 00| 0 eng d
020 ## - INTERNATIONAL STANDARD BOOK NUMBER
International Standard Book Number 9789730165654
041 ## - LANGUAGE CODE
Language code of text/sound track or separate title eng
080 ## - UNIVERSAL DECIMAL CLASSIFICATION NUMBER
Universal Decimal Classification number 903(37)+7(37)+008(37) R-75
245 ## - TITLE STATEMENT
Title Roman Art and Civilization--a Common Language in Antiquity:
Remainder of title Catalogue of the Itinerant Exhibition /
Statement of responsibility, etc. Editor Mihaela Iacob.
264 ## - PRODUCTION, PUBLICATION, DISTRIBUTION, MANUFACTURE, AND COPYRIGHT NOTICE
Date of production, publication, distribution, manufacture, or copyright notice 2014.
300 ## - PHYSICAL DESCRIPTION
Extent 241 p.:
Other physical details ill.;
Dimensions 31 cm.
653 ## - INDEX TERM--UNCONTROLLED
keyword რომაული ხელოვნება და ცივილიზაცია
700 ## - ADDED ENTRY--PERSONAL NAME
Personal name Iacob, Mihaela
9 (RLIN) 19648
942 ## - ADDED ENTRY ELEMENTS (KOHA)
Source of classification or shelving scheme
Koha item type წიგნი
ეგზემპლარები
Withdrawn status Lost status Source of classification or shelving scheme Damaged status Not for loan Permanent Location Current Location Shelving location Date acquired Cost, normal purchase price Full call number Barcode Date last seen Copy number Uniform Resource Identifier Price effective from Koha item type Public note
          ბათუმის შოთა რუსთაველის სახელმწიფო უნივერსიტეტის მთავარი ბიბლიოთეკა ბათუმის შოთა რუსთაველის სახელმწიფო უნივერსიტეტის მთავარი ბიბლიოთეკა წიგნსაცავი 2023-08-10 15.00 903(37)+7(37)+008(37) R-75 65167 2023-08-10 65167 ბსუ-ს საპატიო დოქტორის გურამ ლორთქიფანიძის საჩუქარი 2023-08-10 წიგნი 15 ლ.